00603 2200217 4500001002100000005001500021035002000036007000300056008004100059020002200100082000800122084001400130100002100144245006300165260002900228300003800257650003600295520003000331990001200361990001200373INLIS00000000000169920180309091951 a0010-0318000042ta180309 g 0 ind  a978-979-709-962-6 a325 a325 IME d0 aIMELDA, Bachtiar1 aDiaspora Indonesia Bakti Untuk Negeriku /cImelda Bachtiar aJakarta :bKompas,c2015 axxiv, 214 hlm. :bilus. ;c21 cm. aINDONESIA-IMIGRASI DAN EMIGRASI abibliografi: hlm. 213-214 a16530 a a16530 b